000 01352nam a2200253Ia 4500
999 _c53214
_d53214
001 20255
003 GE_BSU
005 20200727173804.0
008 181216s[?] ||||ge |||||||||||||| ||geo||
040 _cGE_BSU
041 _ageo
080 _a502(075.3) გ-59
100 _aგოგებაშვილი, იაკობ
_99060
245 _aბუნების კარი ანუ ყრმათათვის საკითხავი წიგნი, მესამე და მეოთხე წლისათვის /
_cიაკობ გოგებაშვილი.
250 _aდაბეჭდილია 1912 წლის გამოცემის მიხედვით ოცდამეერთე გამოცემა
264 _aთბილისი :
_bგანათლება,
_c1976.
300 _a632 გვ. :
_bილ. ;
_c 22 სმ.
653 _aბუნების კარი
653 _a ბუნებისმცოდნეობა - სახელმძღვანელოები საშუალო სკოლებისათვის
653 _aქართული ენა - საკითხავი წიგნები
653 _aბუნება
653 _aბუნების შესწავლა
942 _cBK
_2udc